| 000 | 00373pam a2200145 a 4500 | ||
|---|---|---|---|
| 020 |
_a9781461400998 _c |
||
| 041 | _aeng | ||
| 082 |
_a617.3 _bMAC |
||
| 100 | _aMACKENZIE C. R . CORNELL C. N . | ||
| 245 |
_aPERIOPERATIVE CARE OFTHE ORHHOPADIC PATIENT _hTextual Documents |
||
| 260 |
_bSPRINGER _c2014 |
||
| 300 |
_a421: _bXVII; _cHB. |
||
| 930 | _a7536 | ||
| 999 |
_c802063 _d802063 |
||
| 650 | _aORTHO | ||